000 00543nam a22002057a 4500
001 74773
003 BD-RjUL
005 20211209082610.0
008 181203s1958 e ||||| |||| 00| 0 eng d
035 _a(BD-RjUL)74991
040 _aBD-RjUL
_beng
_cBD-RjUL
041 _aeng
082 _223
_a560
_bEPP 1958
100 _aEpstein, Sam.
_9225533
245 _aPrehistoric animals /
_cSam Epstein
260 _aLondon :
_bGeorge G. Hrrap,
_c1958.
300 _a187 pages :
_bill. ;
_c19 cm.
650 _aPaleontology
_9225534
942 _2ddc
_cBK
999 _c74773
_d74773